Blue Lock Neo Egoist League - Statistics

General Stats
  • This quiz has been taken 102 times
    70 since last reset
  • The average score is 41 of 63
Answer Stats
SECTION QUESTION ANSWER % Correct
GAMES RESULTS Bastard München FC Barcha 3-2
91%
FINAL RANKINGS 5 FC Barcha Meguru Bachira
89%
FINAL RANKINGS 1 Paris X Gen Rin Itoshi
89%
FINAL RANKINGS 3 Paris X Gen Ryūsei Shidō
89%
FINAL RANKINGS 4 Ubers Shōei Barō
89%
FINAL RANKINGS 1 Bastard München Yoichi Isagi
89%
FINAL RANKINGS 9 FC Barcha Eita Otoya
86%
FINAL RANKINGS 6 Manshine City Hyōma Chigiri
86%
FINAL RANKINGS 10 Ubers Oliver Aiku
86%
TOP SCORERS 5 Goals FC Barcha Meguru Bachira
84%
TOP SCORERS 4 Goals Bastard München Michael Kaiser
84%
FINAL RANKINGS 7 Manshine City Reo Mikage
84%
TOP SCORERS 7 Goals Paris X Gen Rin Itoshi
84%
TOP SCORERS 4 Goals Paris X Gen Ryūsei Shidō
84%
TOP SCORERS 7 Goals Ubers Shōei Barō
84%
TOP SCORERS 4 Goals Bastard München Yoichi Isagi
84%
FINAL RANKINGS 8 Bastard München Rensuke Kunigami
82%
GAMES RESULTS Bastard München Manshine City 3-2
80%
GAMES RESULTS Bastard München Ubers 3-2
80%
GAMES RESULTS Bastard München Paris X Gen 3-2
80%
GAMES RESULTS FC Barcha Manshine City 3-2
80%
GAMES RESULTS Manshine City Paris X Gen 1-3
77%
GAMES RESULTS Ubers Paris X Gen 2-3
77%
GAMES RESULTS FC Barcha Paris X Gen 2-3
77%
GAMES RESULTS Ubers Manshine City 3-1
77%
FINAL RANKINGS 11 Paris X Gen Tabito Karasu
77%
GAMES RESULTS FC Barcha Ubers 1-3
75%
FINAL RANKINGS 13 Ubers Jyūbei Aryū
73%
FINAL RANKINGS 16 Bastard München Yō Hiori
73%
FINAL RANKINGS 12 Bastard München Gin Gagamaru
70%
FINAL RANKINGS 15 Ubers Ikki Niko
70%
MASTERS STRIKERS FC Barcha Brazil Lavinho
70%
FINAL RANKINGS 24 Manshine City Seishirō Nagi
70%
MASTERS STRIKERS Manshine City English Chris Prince
68%
FINAL RANKINGS 14 Bastard München Kenyū Yukimiya
68%
MASTERS STRIKERS Ubers Malta Marc Snuffy
68%
FINAL RANKINGS 18 Bastard München Ranze Kurona
68%
LEAGUE POSITIONS 1st 12 Points Bastard München
66%
LEAGUE POSITIONS 4th 3 Points FC Barcha
66%
MASTERS STRIKERS Paris X Gen French Julian Loki
66%
LEAGUE POSITIONS 5th 0 Points Manshine City
66%
MASTERS STRIKERS Bastard München French Noel Noa
66%
LEAGUE POSITIONS 2nd 9 Points Paris X Gen
66%
FINAL RANKINGS 17 Ubers Shūto Sendō
66%
LEAGUE POSITIONS 3rd 6 Points Ubers
66%
FINAL RANKINGS 21 Bastard München Jingo Raichi
61%
FINAL RANKINGS 23 Paris X Gen Nijirō Nanase
61%
FINAL RANKINGS 19 Paris X Gen Zantetsu Tsurugi
59%
FINAL RANKINGS 20 Ubers Gen Fukaku
57%
FINAL RANKINGS 36 Bastard München Gurimu Igarashi
55%
FINAL RANKINGS 22 Bastard München Jin Kiyora
55%
FINAL RANKINGS 25 Paris X Gen Aoshi Tokimitsu
52%
FINAL RANKINGS 27 Manshine City Kazuma Niō
34%
FINAL RANKINGS 30 Manshine City Jun'ichi Wanima
32%
FINAL RANKINGS 36 Manshine City Hajime Nishioka
30%
FINAL RANKINGS 26 FC Barcha Haru Hayate
30%
FINAL RANKINGS 28 FC Barcha Miroku Darai
25%
FINAL RANKINGS 33 Paris X Gen Kento Chō
20%
FINAL RANKINGS 35 FC Barcha Teru Kitsunezato
20%
FINAL RANKINGS 29 Manshine City Reiji Hiiragi
18%
FINAL RANKINGS 33 FC Barcha Itsuki Wakatsuki
14%
FINAL RANKINGS 31 FC Barcha Aiki Himizu
11%
FINAL RANKINGS 32 FC Barcha Shizuka Haiji
11%
No matching quizzes found
Score Distribution
Percent of People with Each Score
Percentile by Number Answered
Your Score History
You have not taken this quiz since the last reset